000
00279nam a22001217a 4500
008
170629b xxu||||| |||| 00| 0 eng d
041
_a
eng
080
_a
82
100
_a
22
101
_a
GJL
245
_a
THE RED BADGE OF COURAGE AND OTHER WRITINGS
_c
CRANE,S
942
_2
udc
_c
BK
999
_c
19537
_d
19537